Drug for the Heat (Record no. 246621)
[ view plain ]
| 000 -LEADER | |
|---|---|
| fixed length control field | 00468nam a2200193Ia 4500 |
| 008 - FIXED-LENGTH DATA ELEMENTS--GENERAL INFORMATION | |
| fixed length control field | 240913s9999||||xx |||||||||||||| ||und|| |
| 082 ## - DEWEY DECIMAL CLASSIFICATION NUMBER | |
| -- | 615.71 Q3 |
| 100 ## - MAIN ENTRY--PERSONAL NAME | |
| Personal name | Opie,Lionel |
| 245 #0 - TITLE STATEMENT | |
| Title | Drug for the Heat |
| 250 ## - EDITION STATEMENT | |
| Edition statement | 1st |
| 260 ## - PUBLICATION, DISTRIBUTION, ETC. (IMPRINT) | |
| Date of publication, distribution, etc | 2013 |
| Name of publisher, distributor, etc | Els |
| Place of publication, distribution, etc | Japan |
| 500 ## - GENERAL NOTE | |
| General note | REFERENCE |
| 650 ## - SUBJECT ADDED ENTRY--TOPICAL TERM | |
| Topical term or geographic name as entry element | Renal Dialysis Technology |
| 700 ## - ADDED ENTRY--PERSONAL NAME | |
| Personal name | Gersh,Bernard J |
| 942 ## - ADDED ENTRY ELEMENTS (KOHA) | |
| Item type | Reference |
| Withdrawn status | Lost status | Damaged status | Permanent location | Current location | Shelving location | Date acquired | Source of acquisition | Full call number | Barcode | Date last seen | Koha item type |
|---|---|---|---|---|---|---|---|---|---|---|---|
| CENTRAL LIBRARY, NOORUL ISLAM CENTRE FOR HIGHER EDUCATION | CENTRAL LIBRARY, NOORUL ISLAM CENTRE FOR HIGHER EDUCATION | 02/20/2018 | Gift from VC | 615.71 Q3 | 77851 | 09/13/2024 | Reference |
